| 000 | 00972nam a2200277 i 4500 | ||
|---|---|---|---|
| 003 | IT-RoINE | ||
| 005 | 20180122121337.0 | ||
| 008 | 020419s2012 sp |r |01||dspa|d | ||
| 020 | _a9788430609086 | ||
| 040 |
_aSpMaBN _cSpMaBN IT-RoINE _dIT-RoINE |
||
| 100 | 1 |
_aMainer, José-Carlos, _d1944- _917457 |
|
| 245 | 1 | 0 |
_aPío Baroja / _cJosé-Carlos Mainer. |
| 260 |
_a[Madrid] : _bTaurus ; _bFundación Juan March, _cD.L. 2012. |
||
| 300 |
_a455 p., [14] p. de lám. : _bil. col. y n. ; _c24 cm. |
||
| 336 |
_2rdacontent _atext |
||
| 337 |
_2rdamedia _aunmediated |
||
| 338 |
_2rdacarrier _avolume |
||
| 490 | 1 | _aEspañoles eminentes | |
| 500 | _aIncluye índice. | ||
| 500 | _aIncluye selección de textos. | ||
| 600 | 1 | 4 |
_937502 _aBaroja, Pío, _d1872-1956 _xBiografía |
| 600 | 1 | 4 |
_940336 _aBaroja, Pío _d1872-1956 _xCrítica e interpretación |
| 710 | 2 |
_aFundación Juan March (Madrid, España) _943561 |
|
| 830 | 0 |
_96984 _aEspañoles eminentes |
|
| 942 | _cMTS | ||
| 999 |
_c22077 _d22077 |
||